| 000 | 00529nam a2200217Ia 4500 | ||
|---|---|---|---|
| 008 | 170203s9999 xx 000 0 und d | ||
| 020 | _a0 553582682 | ||
| 050 | _a0 30 | ||
| 050 | _bG964 2000 | ||
| 245 | _aGuinness world records 2000 / | ||
| 250 | _aMillennium edition. | ||
| 260 | _aNew York : | ||
| 260 | _bBantam, | ||
| 260 | _c2000 | ||
| 300 | _a560 pages : | ||
| 300 | _billustrations ; | ||
| 300 | _c18 cm. | ||
| 500 | _aIncludes index. | ||
| 650 | _aCuriosities and wonders. | ||
| 650 | _aWorld records. | ||
| 999 |
_c305718 _d305718 |
||